000
00334nam a2200145Ia 4500
008
150201s2011 xx 000 0 und d
082
_a
612.3
_b
D11S
100
_a
SHARMA , REKHA
245
_a
DIET MANAGEMENT
250
_a
4TH
260
_b
ELSEVIER
_a
DELHI
_c
2011
300
_a
236
650
_a
NUTRITON & DIET
942
_2
ddc
_c
BK
_0
1
999
_c
1995
_d
1995